La mala hora

Representa los conflictos de los años 60 en Colombia. El ambiente tenso y la violencia colectiva se ve exaltada debido a los roces políticos de los movimientos de ese entonces. Inicia con el asesinato aparentemente ejecutado por una infidelidad que fue anunciado en las puertas de las casas del pueb...

Fuld beskrivelse

Guardado en:
Bibliografiske detaljer
Hovedforfatter: García Márquez, Gabriel
Format: Bog
Sprog:Undetermined
Udgivet: Bogotá, Colombia Oveja Negra 1989
Udgivelse:12
Fag:
Tags: Tilføj Tag
Ingen Tags, Vær først til at tagge denne postø!

MARC

LEADER 00000nam a2200000Ia 4500
008 170316s9999 xx 000 0 und d
040 |a cru BVZT 
090 |a 860 G-12m 
100 |a García Márquez, Gabriel  |9 985 
245 |a La mala hora 
250 |a 12 
260 |a Bogotá, Colombia 
260 |b Oveja Negra 
260 |c 1989 
300 |a 138 páginas 
520 |a Representa los conflictos de los años 60 en Colombia. El ambiente tenso y la violencia colectiva se ve exaltada debido a los roces políticos de los movimientos de ese entonces. Inicia con el asesinato aparentemente ejecutado por una infidelidad que fue anunciado en las puertas de las casas del pueblo. 
650 |a LITERATURA LATINOAMERICANA  |9 15 
999 |c 8708  |d 8708 
942 |c SALA  |h 860 G-12m  |2 z